[Event "IV Zagreb Open 2019"]
[Site "Zagreb"]
[Date "2019.12.10"]
[Round "5.10"]
[White "Lalic, Bogdan"]
[Black "Bozanic, Ivica"]
[Result "1/2-1/2"]
[WhiteElo "2414"]
[BlackElo "2145"]
[Annotator "NA"]
[PlyCount "88"]
[EventDate "2019.12.07"]
[EventType "swiss"]
[EventCountry "CRO"]
[SourceTitle "playchess.com"]
[Source "ChessBase"]
[SourceQuality "1"]
[TimeControl "40/5400+30:1800+30"]

1. d4 {[%emt 0:00:00]} f5 {[%emt 0:00:00]} 2. g3 {[%emt 0:00:00]} Nf6 {[%emt 0:00:07]} 3. Bg2 {[%emt 0:00:00]} g6 {[%emt 0:00:21]} 4. Nf3 {[%emt 0:00:07]} Bg7 {[%emt 0:00:11]} 5. c4 {[%emt 0:00:09]} d6 {[%emt 0:00:09]} 6. Nc3 {[%emt 0:00:13]} O-O {[%emt 0:00:21]} 7. O-O {[%emt 0:00:09]} Nc6 {[%emt 0:00:52]} 8. d5 {[%emt 0:00:10]} Ne5 {[%emt 0:06:57]} 9. Nxe5 {[%emt 0:00:12]} dxe5 {[%emt 0:00:05]} 10. Qb3 {[%emt 0:00:14]} Kh8 {[%emt 0:02:54]} 11. c5 {[%emt 0:00:12]} h6 {[%emt 0:03:51]} 12. Rd1 {[%emt 0:00:18]} g5 {[%emt 0:01:51]} 13. Bd2 {[%emt 0:00:22]} a6 {[%emt 0:01:09]} 14. Na4 {[%emt 0:01:49]} Qe8 {[%emt 0:12:52]} 15. Ba5 {[%emt 0:01:38]} Bd7 {[%emt 0:13:08]} 16. c6 {[%emt 0:01:38]} bxc6 {[%emt 0:02:46]} 17. dxc6 {[%emt 0:00:07]} Bxc6 {[%emt 0:00:18]} 18. Bxc6 {[%emt 0:00:06]} Qxc6 {[%emt 0:00:04]} 19. Rac1 {[%emt 0:00:07]} Qb5 {[%emt 0:03:30]} 20. Bxc7 {[%emt 0:00:08]} Qxe2 {[%emt 0:17:23]} 21. Re1 {[%emt 0:01:07]} Qh5 {[%emt 0:04:12]} 22. Bxe5 {[%emt 0:00:33]} Qh3 {[%emt 0:05:01]} 23. Qf3 {[%emt 0:12:05]} f4 {[%emt 0:03:41]} 24. Qg2 {[%emt 0:00:35]} Qf5 {[%emt 0:02:44]} 25. gxf4 {[%emt 0:06:28]} gxf4 {[%emt 0:00:19]} 26. Qf3 {[%emt 0:00:05]} Rad8 {[%emt 0:05:16]} 27. Nc5 {[%emt 0:01:08]} Rd5 {[%emt 0:06:46]} 28. Qxf4 {[%emt 0:02:31]} Qxf4 {[%emt 0:03:07]} 29. Bxf4 {[%emt 0:00:01]} Nh5 {[%emt 0:00:24]} 30. Be3 {[%emt 0:01:02]} Bxb2 {[%emt 0:00:06]} 31. Rc4 {[%emt 0:00:30]} Rf6 {[%emt 0:02:22]} 32. Rg4 {[%emt 0:11:09]} Kh7 {[%emt 0:01:04]} 33. Rb1 {[%emt 0:02:12]} Be5 {[%emt 0:01:04]} 34. Rb7 {[%emt 0:02:00]} Bd6 {[%emt 0:00:31]} 35. Ne4 {[%emt 0:00:36]} Rg6 {[%emt 0:00:13]} 36. h3 {[%emt 0:00:35]} Nf6 {[%emt 0:01:04]} 37. Nxf6+ {[%emt 0:03:59]} Rxf6 {[%emt 0:00:07]} 38. Ra7 {[%emt 0:00:48]} a5 {[%emt 0:00:32]} 39. Kf1 {[%emt 0:01:12]} Rdf5 {[%emt 0:01:14]} 40. Ra4 {[%emt 0:00:00]} Rh5 {[%emt 0:00:00]} 41. Kg2 {[%emt 0:04:43]} Rg6+ {[%emt 0:03:27]} 42. Rg4 {[%emt 0:00:05]} Rf5 {[%emt 0:01:40]} 43. Ra8 {[%emt 0:02:00]} h5 {[%emt 0:02:28]} 44. Rxg6 {[%emt 0:01:18]} Kxg6 {[%emt 0:00:01]} 1/2-1/2

[Event "IV Zagreb Open 2019"]
[Site "Zagreb"]
[Date "2019.12.10"]
[Round "5.11"]
[White "Peng, Hongchi"]
[Black "Rogulj, Branko"]
[Result "1/2-1/2"]
[WhiteElo "2271"]
[BlackElo "2400"]
[Annotator "NA"]
[PlyCount "73"]
[EventDate "2019.12.07"]
[EventType "swiss"]
[EventCountry "CRO"]
[SourceTitle "playchess.com"]
[Source "ChessBase"]
[SourceQuality "1"]
[TimeControl "40/5400+30:1800+30"]

1. e4 {[%emt 0:00:00]} Nf6 {[%emt 0:00:00]} 2. e5 {[%emt 0:00:00]} Nd5 {[%emt 0:00:00]} 3. d4 {[%emt 0:00:00]} d6 {[%emt 0:00:00]} 4. Nf3 {[%emt 0:00:00]} Bg4 {[%emt 0:00:01]} 5. Be2 {[%emt 0:00:06]} c6 {[%emt 0:00:06]} 6. O-O {[%emt 0:00:39]} Bxf3 {[%emt 0:00:04]} 7. Bxf3 {[%emt 0:00:14]} dxe5 {[%emt 0:00:06]} 8. dxe5 {[%emt 0:00:30]} e6 {[%emt 0:00:06]} 9. Qe2 {[%emt 0:03:13]} Nd7 {[%emt 0:00:08]} 10. b3 {[%emt 0:10:31]} Qc7 {[%emt 0:01:32]} 11. Re1 {[%emt 0:02:38]} Bb4 {[%emt 0:09:39]} 12. Bd2 {[%emt 0:00:47]} Bxd2 {[%emt 0:00:53]} 13. Nxd2 {[%emt 0:00:06]} O-O {[%emt 0:02:01]} 14. g3 {[%emt 0:03:50]} Rfd8 {[%emt 0:05:49]} 15. Bg2 {[%emt 0:03:20]} Ne7 {[%emt 0:19:17]} 16. f4 {[%emt 0:04:02]} Nf5 {[%emt 0:01:44]} 17. Ne4 {[%emt 0:06:58]} Qb6+ {[%emt 0:06:05]} 18. Qf2 {[%emt 0:11:11]} h5 {[%emt 0:12:12]} 19. Rad1 {[%emt 0:00:42]} Kf8 {[%emt 0:02:51]} 20. c4 {[%emt 0:04:10]} Qxf2+ {[%emt 0:03:20]} 21. Kxf2 {[%emt 0:00:05]} a5 {[%emt 0:09:24]} 22. Bh3 {[%emt 0:15:00]} Nh6 {[%emt 0:01:11]} 23. a3 {[%emt 0:03:08]} Ke7 {[%emt 0:05:11]} 24. Nd6 {[%emt 0:04:08]} Nc5 {[%emt 0:04:17]} 25. b4 {[%emt 0:01:38]} axb4 {[%emt 0:00:12]} 26. axb4 {[%emt 0:00:04]} Na6 {[%emt 0:03:27]} 27. Rb1 {[%emt 0:02:48]} Rd7 {[%emt 0:01:05]} 28. Ra1 {[%emt 0:03:09]} Rb8 {[%emt 0:00:31]} 29. Reb1 {[%emt 0:00:59]} c5 {[%emt 0:05:06]} 30. bxc5 {[%emt 0:02:40]} Nxc5 {[%emt 0:00:01]} 31. Ra5 {[%emt 0:00:38]} Rc7 {[%emt 0:00:20]} 32. Ra7 {[%emt 0:04:55]} f6 {[%emt 0:00:54]} 33. Ke3 {[%emt 0:00:24]} Nf7 {[%emt 0:00:42]} 34. Nxf7 {[%emt 0:02:24]} Kxf7 {[%emt 0:00:02]} 35. exf6 {[%emt 0:02:16]} Kxf6 {[%emt 0:02:55]} 36. Rb5 {[%emt 0:04:02]} g6 {[%emt 0:00:52]} 37. Raa5 {[%emt 0:03:01]} 1/2-1/2

[Event "IV Zagreb Open 2019"]
[Site "Zagreb"]
[Date "2019.12.11"]
[Round "6.1"]
[White "Kotronias, Vasilios"]
[Black "Kozul, Zdenko"]
[Result "1/2-1/2"]
[WhiteElo "2506"]
[BlackElo "2590"]
[Annotator "ChessBase"]
[PlyCount "66"]
[EventDate "2019.12.07"]
[EventType "swiss"]
[EventCountry "CRO"]
[SourceTitle "playchess.com"]
[Source "ChessBase"]
[SourceQuality "1"]
[TimeControl "40/5400+30:1800+30"]

1. e4 {[%emt 0:01:12]} c5 {[%emt 0:00:00]} 2. Nf3 {[%emt 0:00:07]} d6 {[%emt 0:00:00]} 3. d4 {[%emt 0:00:07]} cxd4 {[%emt 0:00:00]} 4. Nxd4 {[%emt 0:00:03]} Nf6 {[%emt 0:00:08]} 5. Nc3 {[%emt 0:00:05]} Nc6 {[%emt 0:01:11]} 6. Bg5 {[%emt 0:00:08]} e6 {[%emt 0:00:03]} 7. Qd2 {[%emt 0:00:09]} a6 {[%emt 0:01:46]} 8. O-O-O {[%emt 0:00:29]} Bd7 {[%emt 0:00:07]} 9. f4 {[%emt 0:00:39]} b5 {[%emt 0:01:18]} 10. Bxf6 {[%emt 0:01:05]} gxf6 {[%emt 0:00:07]} 11. f5 {[%emt 0:03:10]} Nxd4 {[%emt 0:05:02]} 12. Qxd4 {[%emt 0:00:07]} Bh6+ {[%emt 0:00:03]} 13. Kb1 {[%emt 0:00:05]} Bf4 {[%emt 0:00:06]} 14. Ne2 {[%emt 0:00:27]} Be5 {[%emt 0:00:07]} 15. Qd2 {[%emt 0:01:56]} exf5 {[%emt 0:18:13]} 16. exf5 {[%emt 0:00:10]} Bxf5 {[%emt 0:01:10]} 17. Nf4 {[%emt 0:05:24]} Rc8 {[%emt 0:11:49]} 18. Bd3 {[%emt 0:01:34]} Be6 {[%emt 0:00:08]} 19. Rhf1 {[%emt 0:04:05]} Qb6 {[%emt 0:12:19]} 20. Nxe6 {[%emt 0:30:15]} fxe6 {[%emt 0:00:08]} 21. Qh6 {[%emt 0:00:04]} Kd8 {[%emt 0:01:52]} 22. Rxf6 {[%emt 0:09:31]} Bxf6 {[%emt 0:09:15]} 23. Qxf6+ {[%emt 0:00:10]} Kc7 {[%emt 0:00:07]} 24. Qxe6 {[%emt 0:00:29]} Rce8 {[%emt 0:01:09]} 25. Qf7+ {[%emt 0:02:08]} Kb8 {[%emt 0:00:20]} 26. a3 {[%emt 0:01:16]} Re5 {[%emt 0:08:36]} 27. Qg7 {[%emt 0:07:10]} Rhe8 {[%emt 0:07:29]} 28. Qxh7 {[%emt 0:02:52]} Re1 {[%emt 0:00:08]} 29. Rxe1 {[%emt 0:00:35]} Rxe1+ {[%emt 0:00:07]} 30. Ka2 {[%emt 0:00:02]} Qc5 {[%emt 0:01:08]} 31. Qh8+ {[%emt 0:01:43]} Ka7 {[%emt 0:02:27]} 32. Qd8 {[%emt 0:04:38]} Qd5+ {[%emt 0:05:14]} 33. b3 {[%emt 0:02:18]} Qd4 {[%emt 0:06:09]} 1/2-1/2

[Event "IV Zagreb Open 2019"]
[Site "Zagreb"]
[Date "2019.12.11"]
[Round "6.2"]
[White "Strikovic, Aleksa"]
[Black "Enchev, Ivajlo"]
[Result "1/2-1/2"]
[WhiteElo "2468"]
[BlackElo "2482"]
[Annotator "ChessBase"]
[PlyCount "39"]
[EventDate "2019.12.07"]
[EventType "swiss"]
[EventCountry "CRO"]
[SourceTitle "playchess.com"]
[Source "ChessBase"]
[SourceQuality "1"]
[TimeControl "40/5400+30:1800+30"]

1. c4 {[%emt 0:00:00]} c6 {[%emt 0:00:00]} 2. e4 {[%emt 0:00:17]} d5 {[%emt 0:00:06]} 3. exd5 {[%emt 0:01:13]} cxd5 {[%emt 0:00:02]} 4. cxd5 {[%emt 0:00:11]} Nf6 {[%emt 0:00:19]} 5. Qa4+ {[%emt 0:00:41]} Nbd7 {[%emt 0:00:28]} 6. Nc3 {[%emt 0:00:11]} g6 {[%emt 0:00:16]} 7. Nf3 {[%emt 0:00:19]} Bg7 {[%emt 0:00:20]} 8. Bc4 {[%emt 0:00:08]} O-O {[%emt 0:00:25]} 9. d3 {[%emt 0:00:05]} a6 {[%emt 0:01:06]} 10. Qa3 {[%emt 0:00:06]} b6 {[%emt 0:04:25]} 11. O-O {[%emt 0:01:53]} Bb7 {[%emt 0:01:41]} 12. Re1 {[%emt 0:02:12]} b5 {[%emt 0:04:49]} 13. Bb3 {[%emt 0:00:06]} Re8 {[%emt 0:02:13]} 14. Be3 {[%emt 0:07:27]} Nb6 {[%emt 0:08:04]} 15. Bxb6 {[%emt 0:02:44]} Qxb6 {[%emt 0:00:06]} 16. Qb4 {[%emt 0:00:08]} Qd6 {[%emt 0:10:35]} 17. Qxd6 {[%emt 0:09:58]} exd6 {[%emt 0:00:03]} 18. a3 {[%emt 0:00:07]} Kf8 {[%emt 0:04:02]} 19. Kf1 {[%emt 0:03:25]} Rac8 {[%emt 0:03:52]} 20. Rxe8+ {[%emt 0:19:38]} 1/2-1/2

[Event "IV Zagreb Open 2019"]
[Site "Zagreb"]
[Date "2019.12.11"]
[Round "6.3"]
[White "Nikolov, Momchil"]
[Black "Tica, Sven"]
[Result "1-0"]
[WhiteElo "2533"]
[BlackElo "2396"]
[Annotator "TA"]
[PlyCount "91"]
[EventDate "2019.12.07"]
[EventType "swiss"]
[EventCountry "CRO"]
[SourceTitle "playchess.com"]
[Source "ChessBase"]
[SourceQuality "1"]

{[%evp 10,91,20,11,32,23,45,13,14,14,20,19,30,0,5,0,0,-14,-14,-20,-13,-19,-10,-2,-8,-10,-4,-12,-7,-10,0,-5,0,0,7,7,7,7,7,7,7,7,21,27,16,22,18,7,8,0,0,0,0,0,7,0,0,0,0,0,0,0,17,10,50,5,49,55,95,97,121,124,1072,1042,933,2479,29971,29973,29975,29976,29975,29976,29989,29990]} 1. d4 d5 2. c4 e6 3. Nc3 Nf6 4. cxd5 exd5 5. Bg5 c6 6. e3 Be6 {D35: Queen's Gambit Declined: Exchange Variation} 7. Bd3 Nbd7 8. Nge2 h6 {The position is equal.} 9. Bf4 g5 10. Bg3 Nh5 $1 11. Qc2 Nxg3 12. Nxg3 h5 13. O-O-O $146 ({Predecessor:} 13. Nf5 h4 {½-½ (43) Karjakin,S (2783)-Meier,G (2630) chess.com INT 2017}) 13... h4 14. Nf5 Qc7 15. g4 O-O-O 16. h3 Kb8 17. Kb1 Nb6 18. Rc1 Bxf5 19. Bxf5 Bd6 20. Bd3 Rhe8 21. Na4 Nxa4 22. Qxa4 Qb6 23. Rc3 Qb4 24. Qc2 {[#] Black must now prevent Rb3.} Rc8 25. Rc1 Rc7 26. a3 Qa5 $1 27. Bf1 Rcc8 28. Bg2 Qd8 29. Qf5 Rc7 30. R1c2 Re6 31. Qd3 Rd7 32. Rb3 {Threatening Rxc6.} Bc7 33. Bf1 Bb6 34. Qd1 Rc7 35. Bd3 c5 36. dxc5 Bxc5 37. Qf3 f6 38. Rb5 b6 39. Rb3 a5 40. Bf1 d4 $2 {[%mdl 8192]} (40... Be7 $16) 41. Bg2 $18 {[%csl Gg2][%cal Rf3a8]} Ka7 42. exd4 Re1+ 43. Ka2 {White mates.} a4 44. dxc5 axb3+ 45. Qxb3 {[%csl Gc5][%cal Rb3b6]} bxc5 {[#]} 46. Rxc5 $1 {[%mdl 512] Accuracy: White = 68%, Black = 49%.} 1-0

[Event "IV Zagreb Open 2019"]
[Site "Zagreb"]
[Date "2019.12.11"]
[Round "6.4"]
[White "Smith, Bryan"]
[Black "Kovacevic, Blazimir"]
[Result "0-1"]
[WhiteElo "2428"]
[BlackElo "2453"]
[Annotator "ChessBase"]
[PlyCount "56"]
[EventDate "2019.12.07"]
[EventType "swiss"]
[EventCountry "CRO"]
[SourceTitle "playchess.com"]
[Source "ChessBase"]
[SourceQuality "1"]
[TimeControl "40/5400+30:1800+30"]

1. e4 {[%emt 0:00:00]} c6 {[%emt 0:00:00]} 2. d4 {[%emt 0:00:27]} d5 {[%emt 0:00:00]} 3. e5 {[%emt 0:02:28]} c5 {[%emt 0:00:08]} 4. dxc5 {[%emt 0:01:16]} e6 {[%emt 0:00:14]} 5. a3 {[%emt 0:02:54]} Nc6 {[%emt 0:00:21]} 6. Nf3 {[%emt 0:02:28]} Bxc5 {[%emt 0:00:09]} 7. b4 {[%emt 0:02:16]} Bb6 {[%emt 0:00:06]} 8. Bd3 {[%emt 0:00:35]} f6 {[%emt 0:01:10]} 9. Bb2 {[%emt 0:06:23]} fxe5 {[%emt 0:00:58]} 10. Nxe5 {[%emt 0:05:12]} Nf6 {[%emt 0:00:19]} 11. O-O {[%emt 0:01:09]} O-O {[%emt 0:00:26]} 12. Nd2 {[%emt 0:00:51]} a5 {[%emt 0:01:09]} 13. b5 {[%emt 0:04:31]} Nxe5 {[%emt 0:00:16]} 14. Bxe5 {[%emt 0:01:24]} Bd7 {[%emt 0:01:01]} 15. a4 {[%emt 0:03:10]} Be8 {[%emt 0:01:41]} 16. c4 {[%emt 0:11:34]} Rc8 {[%emt 0:06:18]} 17. Rc1 {[%emt 0:03:51]} Qe7 {[%emt 0:23:45]} 18. Nb3 {[%emt 0:03:12]} dxc4 {[%emt 0:06:05]} 19. Bd6 {[%emt 0:04:23]} Qd7 {[%emt 0:05:13]} 20. Bxf8 {[%emt 0:03:47]} cxd3 {[%emt 0:00:52]} 21. Bc5 {[%emt 0:21:08]} Bh5 {[%emt 0:01:23]} 22. Qd2 {[%emt 0:10:40]} Ne4 {[%emt 0:10:47]} 23. Qe3 {[%emt 0:00:05]} Nxc5 {[%emt 0:01:34]} 24. Rxc5 {[%emt 0:01:47]} Bxc5 {[%emt 0:05:15]} 25. Nxc5 {[%emt 0:00:07]} Rxc5 {[%emt 0:00:03]} 26. Qxc5 {[%emt 0:00:13]} Be2 {[%emt 0:00:03]} 27. b6 {[%emt 0:04:03]} d2 {[%emt 0:01:55]} 28. Qc7 {[%emt 0:00:17]} d1=Q {[%emt 0:00:18]} 0-1

[Event "IV Zagreb Open 2019"]
[Site "Zagreb"]
[Date "2019.12.11"]
[Round "6.5"]
[White "Plenca, Jadranko"]
[Black "Djurovic, Goran"]
[Result "1-0"]
[WhiteElo "2453"]
[BlackElo "2382"]
[Annotator "ChessBase"]
[PlyCount "75"]
[EventDate "2019.12.07"]
[EventType "swiss"]
[EventCountry "CRO"]
[SourceTitle "playchess.com"]
[Source "ChessBase"]
[SourceQuality "1"]
[TimeControl "40/5400+30:1800+30"]

1. e4 {[%emt 0:00:00]} c5 {[%emt 0:05:44]} 2. Nf3 {[%emt 0:00:00]} d6 {[%emt 0:00:25]} 3. Bb5+ {[%emt 0:00:00]} Nd7 {[%emt 0:01:12]} 4. d4 {[%emt 0:00:03]} cxd4 {[%emt 0:02:24]} 5. Qxd4 {[%emt 0:00:23]} a6 {[%emt 0:02:41]} 6. Be2 {[%emt 0:02:22]} Ngf6 {[%emt 0:16:22]} 7. c4 {[%emt 0:04:35]} e5 {[%emt 0:06:33]} 8. Qe3 {[%emt 0:01:34]} Nc5 {[%emt 0:01:08]} 9. Nc3 {[%emt 0:00:20]} Bg4 {[%emt 0:01:06]} 10. O-O {[%emt 0:01:27]} Ne6 {[%emt 0:06:37]} 11. Qd3 {[%emt 0:05:47]} Be7 {[%emt 0:05:30]} 12. Be3 {[%emt 0:01:09]} O-O {[%emt 0:08:45]} 13. Rfd1 {[%emt 0:00:59]} Nh5 {[%emt 0:07:39]} 14. Nd5 {[%emt 0:06:22]} Nhf4 {[%emt 0:00:59]} 15. Bxf4 {[%emt 0:02:09]} Nxf4 {[%emt 0:00:45]} 16. Nxf4 {[%emt 0:01:08]} exf4 {[%emt 0:00:07]} 17. Nd4 {[%emt 0:03:03]} Bd7 {[%emt 0:04:29]} 18. Qd2 {[%emt 0:06:32]} g5 {[%emt 0:03:08]} 19. h3 {[%emt 0:10:51]} Re8 {[%emt 0:03:21]} 20. Bg4 {[%emt 0:08:50]} Bf6 {[%emt 0:05:50]} 21. Qe2 {[%emt 0:07:08]} Bc6 {[%emt 0:04:15]} 22. Bf5 {[%emt 0:01:57]} h6 {[%emt 0:01:56]} 23. Qh5 {[%emt 0:03:11]} Bg7 {[%emt 0:01:26]} 24. c5 {[%emt 0:06:49]} d5 {[%emt 0:04:25]} 25. Nxc6 {[%emt 0:02:11]} bxc6 {[%emt 0:00:02]} 26. exd5 {[%emt 0:00:24]} cxd5 {[%emt 0:00:14]} 27. c6 {[%emt 0:01:15]} Qd6 {[%emt 0:00:28]} 28. Rac1 {[%emt 0:01:27]} Ra7 {[%emt 0:01:12]} 29. Bd7 {[%emt 0:04:54]} Re4 {[%emt 0:00:19]} 30. Qf3 {[%emt 0:01:10]} Bd4 {[%emt 0:02:35]} 31. Bf5 {[%emt 0:03:31]} Qe5 {[%emt 0:00:42]} 32. Bxe4 {[%emt 0:02:00]} dxe4 {[%emt 0:00:04]} 33. Qb3 {[%emt 0:00:10]} e3 {[%emt 0:01:08]} 34. c7 {[%emt 0:01:18]} exf2+ {[%emt 0:00:30]} 35. Kf1 {[%emt 0:00:28]} Kg7 {[%emt 0:02:55]} 36. c8=Q {[%emt 0:02:59]} Re7 {[%emt 0:00:06]} 37. Qd3 {[%emt 0:01:15]} Bxb2 {[%emt 0:00:34]} 38. Qcf5 {[%emt 0:01:53]} 1-0

[Event "IV Zagreb Open 2019"]
[Site "Zagreb"]
[Date "2019.12.11"]
[Round "6.6"]
[White "Drnovsek, Gal"]
[Black "Janzelj, Tim"]
[Result "1-0"]
[WhiteElo "2388"]
[BlackElo "2446"]
[Annotator "TA"]
[PlyCount "167"]
[EventDate "2019.12.07"]
[EventType "swiss"]
[EventCountry "CRO"]
[SourceTitle "playchess.com"]
[Source "ChessBase"]
[SourceQuality "1"]

{[%evp 13,167,7,6,0,8,0,8,0,0,-7,8,-20,-8,-3,0,-7,-15,-25,-19,-27,-29,-31,0,0,18,0,19,22,17,-33,-27,-63,-59,-51,-45,-57,-35,-49,-30,-70,-63,-50,-64,-112,-95,-90,-73,-92,0,0,55,67,208,229,1279,1264,1233,1242,1334,147,1051,1011,915,991,1005,1019,943,890,5173,8286,2419,1670,1374,1077,1101,1084,1094,1094,1039,1039,1039,980,912,910,789,780,1670,1662,1662,1662,1662,1662,1641,1627,1565,1270,1531,1517,1383,1145,1130,1081,29949,29952,29953,29949,29952,29950,29951,3109,29954,29954,29954,29955,29957,29959,29958,29959,29960,29958,29963,12807,29963,29967,29965,29971,29970,29971,29971,29973,29971,29974,29975,29976,29976,29977,29976,29975,29976,29975,29975,29976,29988,29989,29989,29990,29992,29993,29993,29994,29995,29996,29996,29997,29997,29998]} 1. c4 e6 2. d4 d5 3. Nc3 c6 4. cxd5 exd5 5. Bf4 Bd6 6. Bxd6 Qxd6 7. e3 Ne7 8. Bd3 {D31: Queen's Gambit Declined: Semi-Slav without ...Nf6 (+ Marshall Gambit and Noteboom) and Exchange Variation lines without ...Nf6} Bf5 9. Nge2 O-O 10. O-O {The position is equal.} Nd7 11. f3 (11. Nf4 Rfe8 12. Qd2 Nb6 13. b3 a5 14. a4 Qh6 15. Nce2 Nbc8 {1-0 (90) Karjakin,S (2773)-Aronian,L (2767) Saint Louis 2018}) 11... Qh6 $146 ({Predecessor:} 11... Rad8 12. Bxf5 Nxf5 13. Qd3 g6 14. g4 Ng7 15. Rad1 f6 {½-½ (39) Luciani,V (2241)-Korneev,O (2611) Lodi 2005}) 12. Qd2 (12. e4 $5 {[%cal Re4f5]} Qe3+ 13. Kh1 $11) 12... Rad8 13. Rae1 Rfe8 14. Ng3 Bg6 15. b4 Nb6 16. Bxg6 hxg6 17. Qd3 g5 18. b5 Qd6 19. bxc6 bxc6 20. f4 gxf4 21. exf4 Nd7 22. f5 Nf6 23. Na4 Nc8 24. Nc5 {Nb7 is the strong threat.} Qc7 25. Qd2 Nd6 26. Qf4 Rxe1 27. Rxe1 Qa5 28. Re7 Qxa2 {aiming for ...Qa1+.} 29. h3 a5 30. Kh2 Nde8 (30... Qb2 $1 $17 31. Qg5 Qxd4) 31. Ra7 $11 Qc4 ({Better is} 31... Qa3 $11) 32. Qe5 $1 $14 {[%cal Re5e7] And now Qe7 would win.} Rc8 (32... Qc1 $1 $14) 33. Qe7 $18 ({Less strong is} 33. Rxa5 Qb4 $14) 33... Qxd4 $2 (33... Rc7 34. Rxc7 Nxc7) 34. Qxf7+ Kh8 35. Ne6 Qe5 36. Nxg7 $2 (36. Qg6 $18 {Rf7 would kill now.} Ne4 37. Rf7) 36... Nc7 $2 {[%mdl 8192]} (36... Rc7 $16 37. Qf8+ Ng8 38. Rxc7 Nxc7) 37. N7h5 Nxh5 38. Qxh5+ Kg8 39. Qg6+ Qg7 40. Qxc6 Kh8 41. f6 Qf7 42. Nf5 Qe6 43. Qxe6 Nxe6 {[%mdl 4096] Endgame KRN-KRN} 44. Re7 Nf4 45. f7 {White wants to mate with Re8+.} Rf8 {[#]} 46. Re8 $1 Ng6 47. Ne7 Kg7 48. Nxg6 Rxf7 {KRN-KR} 49. Ne5 Ra7 50. Rd8 a4 51. Rxd5 a3 {[#]} 52. Rd1 $1 {[%cal Rd1a1]} Kf6 53. Nc6 Ra4 54. Rd4 Ra6 55. Nb4 Ke5 56. Rd2 Ra4 57. Ra2 Rxb4 58. Rxa3 {KR-KR} Kf4 59. Rg3 Rb1 60. Rg4+ Kf5 61. Rg8 (61. Ra4 $142 Kg6 62. h4 Rb3 63. g3 Kh6 64. Kh3 Kh7 65. Ra6 Rb5 66. Ra7+ Kh6 67. Ra6+ Kh7 68. Ra3) 61... Kf6 62. h4 Kf7 63. Ra8 Kg6 64. Ra5 Rb3 65. g3 Rb1 66. Kh3 Rb4 67. Ra6+ (67. h5+ $142 Kh6 68. g4 Rd4 69. Ra6+ Kh7 70. g5 Rd7 71. Kg4 Rb7 72. h6) 67... Kg7 68. h5 {White mates.} ({Not} 68. g4 Rb3+ 69. Kh2 Rb2+ 70. Kh3 Rb3+ 71. Kh2 Rb2+ 72. Kh3 Rb3+ $14) 68... Kh7 69. g4 Kg7 70. Kh4 Kh7 71. h6 Rb1 72. Kh5 Rb5+ 73. g5 Rc5 74. Ra7+ Kg8 75. Re7 Ra5 76. Kg6 {[%cal Re7e8]} Ra6+ {[#]} 77. Kf5 $1 Ra5+ 78. Kf6 Ra6+ 79. Re6 Ra8 80. g6 Rf8+ 81. Kg5 Ra8 82. h7+ Kg7 83. Re7+ Kh8 84. Kh6 {Accuracy: White = 70%, Black = 28%.} 1-0

[Event "IV Zagreb Open 2019"]
[Site "Zagreb"]
[Date "2019.12.11"]
[Round "6.7"]
[White "Rudolf, Michal"]
[Black "Lalic, Bogdan"]
[Result "1/2-1/2"]
[WhiteElo "2328"]
[BlackElo "2414"]
[Annotator "NA"]
[PlyCount "22"]
[EventDate "2019.12.07"]
[EventType "swiss"]
[EventCountry "CRO"]
[SourceTitle "playchess.com"]
[Source "ChessBase"]
[SourceQuality "1"]
[TimeControl "40/5400+30:1800+30"]

1. e4 {[%emt 0:00:37]} c5 {[%emt 0:00:25]} 2. Nf3 {[%emt 0:00:06]} d6 {[%emt 0:00:07]} 3. Bb5+ {[%emt 0:00:20]} Nd7 {[%emt 0:00:06]} 4. O-O {[%emt 0:01:38]} a6 {[%emt 0:00:17]} 5. Bd3 {[%emt 0:00:09]} Ngf6 {[%emt 0:00:16]} 6. Re1 {[%emt 0:00:11]} b5 {[%emt 0:00:38]} 7. c4 {[%emt 0:00:30]} Rb8 {[%emt 0:00:28]} 8. a3 {[%emt 0:01:19]} e5 {[%emt 0:01:46]} 9. b4 {[%emt 0:06:01]} bxc4 {[%emt 0:07:17]} 10. Bxc4 {[%emt 0:01:20]} Be7 {[%emt 0:00:06]} 11. Nc3 {[%emt 0:09:52]} O-O {[%emt 0:01:42]} 1/2-1/2

[Event "IV Zagreb Open 2019"]
[Site "Zagreb"]
[Date "2019.12.11"]
[Round "6.8"]
[White "Sai Agni Jeevitesh, J."]
[Black "Stany, G.A."]
[Result "1/2-1/2"]
[WhiteElo "2301"]
[BlackElo "2526"]
[Annotator "ChessBase"]
[PlyCount "23"]
[EventDate "2019.12.07"]
[EventType "swiss"]
[EventCountry "CRO"]
[SourceTitle "playchess.com"]
[Source "ChessBase"]
[SourceQuality "1"]
[TimeControl "40/5400+30:1800+30"]

1. Nf3 {[%emt 0:00:40]} d5 {[%emt 0:00:00]} 2. e3 {[%emt 0:00:35]} Nf6 {[%emt 0:00:00]} 3. c4 {[%emt 0:00:09]} e6 {[%emt 0:00:00]} 4. Nc3 {[%emt 0:00:20]} Bd6 {[%emt 0:01:21]} 5. b3 {[%emt 0:01:03]} Nbd7 {[%emt 0:05:35]} 6. Bb2 {[%emt 0:02:03]} O-O {[%emt 0:00:09]} 7. Qc2 {[%emt 0:08:21]} a6 {[%emt 0:03:12]} 8. d4 {[%emt 0:09:52]} b6 {[%emt 0:01:26]} 9. cxd5 {[%emt 0:01:47]} exd5 {[%emt 0:00:08]} 10. g3 {[%emt 0:00:02]} Bb7 {[%emt 0:20:06]} 11. Bg2 {[%emt 0:00:02]} Re8 {[%emt 0:06:26]} 12. O-O {[%emt 0:00:14]} 1/2-1/2

[Event "IV Zagreb Open 2019"]
[Site "Zagreb"]
[Date "2019.12.11"]
[Round "6.9"]
[White "Parligras, Cosmin"]
[Black "Livaic, Leon"]
[Result "0-1"]
[WhiteElo "2247"]
[BlackElo "2505"]
[Annotator "ChessBase"]
[PlyCount "44"]
[EventDate "2019.12.07"]
[EventType "swiss"]
[EventCountry "CRO"]
[SourceTitle "playchess.com"]
[Source "ChessBase"]
[SourceQuality "1"]
[TimeControl "40/5400+30:1800+30"]

1. Nf3 {[%emt 0:02:04]} Nf6 {[%emt 0:02:23]} 2. g3 {[%emt 0:00:07]} d5 {[%emt 0:00:51]} 3. Bg2 {[%emt 0:00:45]} c6 {[%emt 0:00:37]} 4. O-O {[%emt 0:00:14]} Bg4 {[%emt 0:00:39]} 5. c4 {[%emt 0:00:54]} e6 {[%emt 0:01:29]} 6. Qb3 {[%emt 0:03:52]} Qb6 {[%emt 0:02:00]} 7. Qxb6 {[%emt 0:00:25]} axb6 {[%emt 0:00:06]} 8. d3 {[%emt 0:00:15]} Nbd7 {[%emt 0:00:31]} 9. Nc3 {[%emt 0:01:30]} Bxf3 {[%emt 0:08:13]} 10. exf3 {[%emt 0:03:47]} Nc5 {[%emt 0:06:24]} 11. Rd1 {[%emt 0:01:14]} d4 {[%emt 0:00:37]} 12. Ne2 {[%emt 0:03:04]} Nb3 {[%emt 0:00:33]} 13. Rb1 {[%emt 0:00:06]} Rxa2 {[%emt 0:00:10]} 14. Bd2 {[%emt 0:04:02]} Be7 {[%emt 0:05:31]} 15. Nc1 {[%emt 0:00:08]} Nxc1 {[%emt 0:00:06]} 16. Bxc1 {[%emt 0:01:33]} Bb4 {[%emt 0:00:14]} 17. Bd2 {[%emt 0:00:54]} Bxd2 {[%emt 0:00:08]} 18. Rxd2 {[%emt 0:00:05]} Ke7 {[%emt 0:00:54]} 19. f4 {[%emt 0:01:18]} Rha8 {[%emt 0:02:40]} 20. Kf1 {[%emt 0:00:38]} Ra1 {[%emt 0:01:18]} 21. Rxa1 {[%emt 0:01:21]} Rxa1+ {[%emt 0:00:05]} 22. Ke2 {[%emt 0:00:07]} Rb1 {[%emt 0:00:36]} 0-1